'The Office' Characters by Screen Time - Statistics

General Stats
  • This quiz has been taken 109 times
  • The average score is 10 of 17
Answer Stats
Screen Time Character % Correct
18:41:00 Dwight Schrute
97%
15:12:37 Pam Halpert
97%
17:47:54 Jim Halpert
96%
26:01:25 Michael Scott
95%
11:36:44 Andy Bernard
74%
7:11:20 Angela Martin
63%
7:10:34 Stanley Hudson
60%
7:52:00 Kevin Malone
59%
7:01:14 Oscar Martinez
58%
8:01:16 Phyllis Vance
53%
5:18:29 Creed Bratton
49%
4:58:02 Ryan Howard
46%
3:45:19 Kelly Kapoor
42%
5:49:36 Erin Hannon
38%
5:23:22 Meredith Palmer
38%
2:59:11 Toby Flenderson
35%
4:43:24 Darryl Philbin
23%
No matching quizzes found
Score Distribution
Percent of People with Each Score
Percentile by Number Answered
Your Score History
You have not taken this quiz